|
ห้องสมุดวิทยาลัยพยาบาลบรมราชชนนี ตรัง |
|
แสดงรายละเอียดบรรณานุกรม |
|
|
Brief Record
: Get Marc (ISO 2709)
: E-mail record
: |
|
|
| LEADER 00000nam 2200000uu 4500 | |||
| 001 13399123906 | |||
| 003 BCNT | |||
| 008 260701s||||||||th 000 0 tha d | |||
| 020 ^a9786166036732 | |||
| 040 BCNT | |||
| 050 0 WY20 ร371ก 2568 | |||
| 060 0 WY20 ร371ก 2568 | |||
| 100 0 ^aรัตน์ศิริ ทาโต. | |||
| 245 1 ^aการวิจัยทางพยาบาลศาสตร์ :^bแนวคิดสู่การประยุกต์ใช้ (ฉบับปรับปรุง) /^cรัตน์ศิริ ทาโต. | |||
| 246 3 ^aNursing research :^bconcepts to application (ninth edition) | |||
| 250 ^aพิมพ์ครั้งที่ 9, ฉบับปรับปรุง. | |||
| 260 ^aกรุงเทพฯ :^bสำนักพิมพ์จุฬาลงกรณ์มหาวิทยาลัย,^c2568. | |||
| 300 ^a590 หน้า :^bภาพประกอบ^c30 ซม. | |||
| 650 4 ^aการพยาบาล^xวิจัย. | |||
| 999 ^aparamin | |||
| คุณยังไม่ได้ล็อกอิน คุณสามารถมีกิจกรรมร่วมกับเว็บไซต์ได้ แต่ต้องล็อกอินก่อน :: |
|
| สถานะ | |||||||||
| 1. | หนังสือ | WY20 ร371ก 2568 c.1 | ►ระบบ NLM | On Shelf | |||||
| 2. | หนังสือ | WY20 ร371ก 2568 c.2 | ►ระบบ NLM | On Shelf | |||||
| 3. | หนังสือ | WY20 ร371ก 2568 c.3 | ►ระบบ NLM | On Shelf | |||||
| 4. | หนังสือ | WY20 ร371ก 2568 c.4 | ►ระบบ NLM | On Shelf | |||||
| 5. | หนังสือ | WY20 ร371ก 2568 c.5 | ►ระบบ NLM | On Shelf | |||||
| [แสดง 5/5 รายการ] | |||||||||
BibComment |
| คอมเมนท์ทรัพยากรรายการนี้ |
|
|